Les investissements etrangers en France

Uloženo v:
Podrobná bibliografie
Médium: Kniha
Jazyk:Undetermined
Vydáno: Paris Presses Universitaires de grenoble 1975
Témata:
Tagy: Přidat tag
Žádné tagy, Buďte první, kdo otaguje tento záznam!
Thư viện lưu trữ: Trung tâm Học liệu Trường Đại học Cần Thơ
LEADER 00404nam a2200145Ia 4500
001 CTU_84831
008 210402s9999 xx 000 0 und d
082 |a 332.6 
082 |b I.62 
245 0 |a Les investissements etrangers en France 
260 |a Paris 
260 |b Presses Universitaires de grenoble 
260 |c 1975 
650 |a investment 
980 |a Trung tâm Học liệu Trường Đại học Cần Thơ